|
|
|
|
| LEADER |
01281nam a2200337 i 4500 |
| 001 |
31510 |
| 003 |
BD-DhAAL |
| 005 |
20161211104949.0 |
| 008 |
161211s2014 ne a 001 0 eng |
| 010 |
|
|
|a 2014024625
|
| 020 |
|
|
|a 9789004279858 (hardback : alk. paper)
|
| 020 |
|
|
|z 9789004279902 (e-book)
|
| 040 |
|
|
|a DLC
|b eng
|c DLC
|e rda
|d DLC
|d BD-DhAAL
|
| 050 |
0 |
0 |
|a HF2292
|b .R44 2014
|
| 082 |
0 |
0 |
|a 382.71095
|2 23
|
| 245 |
0 |
0 |
|a Regional cooperation and free trade agreements in Asia /
|c edited by Jiaxiang Hu, Matthias Vanhullebusch.
|
| 264 |
|
1 |
|a Leiden, The Netherlands :
|b Brill,
|c 2014
|
| 300 |
|
|
|a xxii, 409 pages :
|b illustrations ;
|c 24 cm.
|
| 490 |
0 |
|
|a Brill's Asian law series ;
|v 1
|
| 500 |
|
|
|a Includes index.
|
| 526 |
|
|
|a ENH
|
| 541 |
|
|
|e 31510
|
| 650 |
|
0 |
|a Regionalism
|z Asia.
|9 20804
|
| 651 |
|
0 |
|a Free trade
|z Asia.
|9 20805
|
| 651 |
|
0 |
|a Asia
|x Commercial policy.
|9 20806
|
| 651 |
|
0 |
|a Asia
|x Economic integration.
|9 20807
|
| 700 |
1 |
|
|a Hu, Jiaxiang
|c (Law teacher)
|9 20808
|
| 700 |
1 |
|
|a Vanhullebusch, Matthias.
|9 20809
|
| 942 |
|
|
|2 ddc
|c BK
|
| 999 |
|
|
|c 37910
|d 37910
|
| 952 |
|
|
|0 0
|1 0
|2 ddc
|4 0
|6 382_710950000000000_REG
|7 0
|9 59872
|a BRACUL
|b BRACUL
|c GEN
|d 2016-12-11
|e Development Book Agency
|g 15444.00
|l 1
|m 2
|o 382.71095 REG
|p 3010031510
|r 2017-01-22
|s 2017-01-10
|t 1
|w 2016-12-11
|y BK
|